[Event "Opera Euro Rapid | Knockout"]
[Site "Online"]
[Date "2021.02.13"]
[Round "26.1"]
[White "So, Wesley"]
[Black "Carlsen, Magnus"]
[Result "1-0"]
[WhiteElo "2741"]
[BlackElo "2881"]
[EventDate "2021.??.??"]
[Annotator "Bojkov,Dejan"]
[PlyCount "73"]
[Beauty "7908108547616"]
[EventType "rapid"]

1.e4 e5 2.Nf3 Nc6 3.Bc4 Bc5 4.c3 Nf6 5.d4 {A good, old classical line that So analyzed extensively for an online course.} 5...exd4 6.e5 d5 7.Bb5 Ne4 8.cxd4 Bb6 9.Nc3 O-O 10.Be3 Bg4 {The pawn structure now is very much like the one in the Yates line of the Ruy Lopez. White has a strong center, but Black's free piece play allows him a chance to eventually attack and destroy the center.} 11.h3 Bh5 12.Qc2 Bg6 ( {Last year Carlsen had another discussion with a top player:} 12...Nxc3 13.bxc3 f6 14.Bxc6 bxc6 15.exf6 Bxf3 16.fxg7 Rf7 17.gxf3 Qd6 18.Rg1 c5 19.Rg5 cxd4 20.cxd4 Rxg7 21.Rxg7+ Kxg7 22.Ke2 Qg6 {White is up a pawn, but has too many weaknesses that make the position balanced, Giri,A (2764)-Carlsen,M (2862) Online 2020} ) 13.Qb3 {The attack against the d5-point helps So relieve the pressure against his d4-pawn.} 13...Ne7 14.O-O c6 15.Bd3 $1 {The bishop belongs to this diagonal.} 15...Nf5 16.Qc2 {There it is, the pressure along the b1-h7 diagonal. It forces Carlsen to swap a few pieces.} 16...Nxc3 $146 ( {An earlier game saw White doing well after} 16...Nxe3 17.fxe3 Ng3 18.Bxg6 hxg6 19.Rfe1 Ba5 20.Rab1 Qe7 21.a3 Bxc3 22.Qxc3 Ne4 23.Qd3 c5 {Wen,Y (2586)-Esipenko,A (2636) Moscow 2019, but So surely had something prepared here as well.} ) 17.bxc3 Nxe3 18.fxe3 Bxd3 19.Qxd3 {The center survives and is ready to get in motion. Therefore:} 19...f6 {is forced, but then} 20.c4 Bc7 {And the world champion errs!} ( {The correct way to play it is connected with} 20...fxe5 21.Nxe5 Qd6 {when White still has some pressure, but since the pawns are not moving that easily, Black should be able to equalize little by little.} ) 21.cxd5 Qxd5 ( 21...cxd5 22.Qb3 {is awful for Black.} ) 22.exf6 gxf6 {As ugly as this move is, it was played. Carlsen admitted in the after-match interview that he had miscalculated earlier and thought that this was the only way he could get some play.} ( {After} 22...Rxf6 23.e4 $1 Qd7 24.e5 Re6 25.Qb3 {White is in control as long as he does not rush:} 25...Re8 26.Rad1 $1 {Overprotecting the center.} ( {Definitely not} 26.Ng5 $4 Qxd4+ 27.Kh1 Qxe5 ) 26...Qd5 27.Qxd5 cxd5 28.Rb1 ) 23.e4 Qd7 24.Rad1 $1 {Believe it or not, but So had this position in his online course! Apparently Carlsen had not checked it, as he probably believed that the course is designed only for a lower-rated audience. A wonderful example of a scrupulous, earnest work prepared for any player that can be used by yourself, as an example!} 24...Rad8 25.Nh4 {With the knight coming to f5, White is strategically winning.} 25...Kh8 26.Nf5 c5 {The only chance to get some counterplay, but White keeps everything stable.} 27.d5 Be5 28.Rb1 b6 29.Qc4 Rfe8 30.Kh1 {Sheer beauty! Every single white unit has been placed on a light square! This does not prevent him from attacking on the dark squares, it just makes his pieces invincible.} 30...Bd4 {Carlsen tries his last chance. Had he had stayed, then So would have most likely created another weakness on b6 by advancing the a-pawn. With the kingside in ruins, Black would not be able to stop the combined attack on both wings.} 31.Rf4 Rxe4 32.Rxe4 Qxf5 33.Rbe1 Rxd5 {A blunder that finishes the game at once.} ( 33...Qxd5 $2 {is also losing immediately after} 34.Re8+ Kg7 35.R1e7+ Kg6 36.Qd3+ f5 37.Qg3+ ) ( 33...Be5 $1 {is the only way to play it. Of course, Black should not survive here either, say:} 34.Rf1 ( {Or even easier as in the general plan:} 34.a4 $5 ) 34...Qg6 35.Rg4 Qf7 36.Rd1 Bd4 37.Re4 $1 {followed by Re4-e6 as:} 37...Qxd5 {loses once more due to} ( {Whereas} 37...Be5 38.a4 {does not change anything.} ) 38.Re8+ Kg7 39.Re7+ Kf8 40.Qxd5 Rxd5 41.Rxa7 ) 34.Rg4 $1 {Now it is a forced mate.} ( {Perhaps the world champion only saw:} 34.Re8+ Kg7 35.R1e7+ Kh6 36.Qc1+ Qg5 {when the game continues in full speed.} ) 34...h5 35.Re8+ Kh7 36.Re7+ Kh8 37.Qc1 $1 1-0

[Event "Opera Euro Rapid | Prelims"]
[Site "Online"]
[Date "2021.02.08"]
[Round "13"]
[White "Duda, Jan Krzysztof"]
[Black "Dubov, Daniil"]
[Result "1-0"]
[WhiteElo "2774"]
[BlackElo "2770"]
[EventDate "2021.??.??"]
[Annotator "Bojkov,Dejan"]
[PlyCount "111"]
[Beauty "6670621105754"]
[EventType "rapid"]

1.d4 Nf6 2.c4 e6 3.Nf3 d5 4.Nc3 c6 5.e3 Nbd7 {A relatively slow start of the opening, a solid Meran, but things are going to change very soon.} 6.Bd3 dxc4 7.Bxc4 b5 8.Bd3 Bb7 9.O-O a6 10.e4 c5 11.e5 {Duda has prepared something...} ( {The main line remains} 11.d5 exd5 12.exd5 Bd6 13.Re1+ Kf8 14.Bg5 Qc7 15.Bf5 h6 16.Bh4 g5 17.Bg3 {as in Jobava,B (2603)-Sarana,A (2654) Online 2020} ) 11...Nd5 12.Ng5 Nxc3 13.bxc3 Be7 14.Nxe6 $1 $146 {That is the novelty by the Polish GM! Such a blow is very common when the enemy king is stuck in the center. The sacrifice is, as a rule, explosive by nature: White is searching for a quick mate. However here, Duda aims for a long-term attack.} ( {Previously} 14.f4 {had been tested:} 14...Bxg5 15.fxg5 Nb6 16.Rf2 Na4 17.Qh5 g6 18.Qh6 Qd5 19.Bd2 O-O-O 20.Bf1 {Kozul,Z (2595)-Gurevich,D (2575) Biel 1993} ) 14...fxe6 15.Qh5+ g6 ( {The other way to defend is} 15...Kf8 {which might lead by force to a favorable endgame for White with} 16.f4 Kg8 17.f5 Nxe5 18.dxe5 Qxd3 19.f6 Qd5 20.Qg4 Qxg2+ 21.Qxg2 Bxg2 22.Kxg2 gxf6 23.exf6 Bd6 24.f7+ Kg7 25.Bg5 {with good chances for a win.} ) 16.Bxg6+ hxg6 17.Qxg6+ $1 {The key behind the sacrifice.} ( {White does not need to be greedy} 17.Qxh8+ Nf8 ) 17...Kf8 18.Bh6+ Rxh6 19.Qxh6+ Kg8 20.Qg6+ Kh8 21.Qh6+ Kg8 22.Qxe6+ {For the three pieces, White has a rook and four pawns; enough material. In most cases, though, the pieces should prevail. Here the situation is far more complex. First of all, Black's king is in danger. Secondly, the white pawns are moving quite fast. We should not forget the psychological effect of the preparation, as well as the added time on the clock for White.} 22...Kg7 23.Rad1 ( {The other way to attack is more accurate} 23.Qg4+ Kh8 24.Qh5+ Kg7 25.d5 {Now Black cannot capture the pawn:} 25...Bxd5 ( {Also bad is} 25...Qh8 $2 26.Qg4+ ) ( {Therefore, he might need to defend with} 25...Qe8 26.Qg4+ Kh8 27.d6 Bf8 28.Rae1 {although this seems better for White.} ) 26.Qg4+ Kh8 27.Rad1 ) 23...Nf8 24.Qg4+ Kh8 25.d5 {The pawns start rolling, but that allows time for Dubov to consolidate his kingside.} 25...Nh7 ( {Also good is} 25...Qd7 26.Qh5+ Nh7 27.e6 Qe8 28.Qe5+ Bf6 29.Qf5 Be7 ( 29...Qf8 $5 ) 30.Rd3 Bd6 {Although White can mount more pressure with} 31.f4 ) 26.d6 ( {Here the computer suggests a better plan} 26.Rfe1 $3 {supporting both the pawns, thus moving them fast forward.} ) 26...Bh4 27.e6 Qf6 {Dubov keeps the queens and intends to counterattack.} ( {An endgame offer is available too:} 27...Qg5 {with the plan to block the passers after} 28.Qxg5 Nxg5 29.Rfe1 Ne4 30.g3 Bf6 31.d7 Be7 ) 28.e7 Bc6 29.g3 {Now it gets messy as the white king will be also exposed.} ( 29.d7 Qxe7 ) 29...Rg8 30.Qh5 Qxc3 ( {A better chance is} 30...Qg5 $1 {Even without queens Black can create threats.} 31.Qxg5 Nxg5 {Mate in one is on the agenda!} 32.Rfe1 Nf3+ 33.Kf1 Nxe1 {For the moment, Black is three pieces ahead.} 34.gxh4 Nf3 35.d7 Bxd7 36.Rxd7 Nxh2+ 37.Ke2 Ng4 38.Ra7 {The forcing sequence is over, and objectively this should be a draw.} ) 31.Rd5 $3 {A spectacular way to continue the attack.} ( {After} 31.Rfe1 {it is Black who can sacrifice} 31...Bxg3 $1 32.hxg3 Rxg3+ 33.Kf1 Bg2+ {when everything should end with perpetual:} 34.Kg1 Bf3+ ( {Or the immediate perpetual with} 34...Bc6+ ) 35.fxg3 Bxh5 36.e8=Q+ Bxe8 37.Rxe8+ Kg7 38.d7 Qxg3+ 39.Kf1 Qf3+ 40.Ke1 Qh1+ ) 31...Bxd5 32.Qxd5 {The threat is Qd5xg8!} 32...Nf6 {A blunder.} ( {The pawns are too dangerous, and spending a light piece for one of them is not that costly; therefore,} 32...Bxe7 $1 {is the way to do it. After} 33.dxe7 Re8 34.Qf7 Nf6 35.Rd1 Qe5 36.Rd8 {it seems as White is winning, but the queen can demonstrate true strength with} 36...Qe1+ 37.Kg2 Qe4+ 38.f3 {Then the king can escape the perpetual:} 38...Qe2+ 39.Kh3 Qf1+ 40.Kh4 {but at the price of a queen trade:} 40...Qc4+ 41.Qxc4 bxc4 42.g4 Kg7 43.g5 Rxe7 44.gxf6+ Kxf6 45.Kg3 {with an objective draw, which White still needs to prove.} ) 33.Qxg8+ $1 {Dubov might have missed this shot.} 33...Nxg8 ( {Or} 33...Kxg8 34.d7 Nxd7 35.e8=Q+ Nf8 36.gxh4 {still winning the exchange.} ) 34.e8=Q Bf6 35.Qh5+ Kg7 36.Rd1 Nh6 37.d7 Nf7 {Dubov stopped the pawn, but since his king is naked, he cannot save the game. Duda quickly organizes a decisive attack against it.} 38.Qg4+ Kf8 39.Qe6 c4 40.Rd5 $1 {The key move in the attack.} 40...b4 {Black's only chance.} 41.Rf5 Kg7 42.Kg2 b3 43.axb3 cxb3 44.Qxa6 {This obvious move misses the win.} ( {Correct is} 44.Rf4 $3 {with the brilliant idea} 44...b2 45.d8=Q Nxd8 46.Rg4+ $1 Kh6 47.Qf5 {and mate is inevitable.} ) 44...b2 45.Qb6 Bd8 {Forcing matters.} ( {The battle would have continued after} 45...Nd8 46.h4 Qc6+ 47.Qxc6 Nxc6 48.Rb5 Kf7 49.h5 Ke7 50.h6 Kxd7 51.g4 {when everything is still possible.} ) 46.Rxf7+ Kxf7 47.Qxd8 Qc6+ $1 {The only move.} ( {There is not enough counterplay after} 47...b1=Q 48.Qe8+ Kg7 49.d8=Q ) 48.f3 b1=Q {Dubov errs last.} ( {More checks would have saved the day:} 48...Qc2+ 49.Kh3 Qh7+ $1 {Probably missed by Black when perpetual is forced. There is no} 50.Qh4 $4 Qxh4+ 51.Kxh4 Ke7 ) 49.Qe8+ Kg7 50.Qe5+ $1 {It's time for some accurate in-between checks for Duda.} ( {The hasty} 50.d8=Q $4 {would lose for White after} 50...Qbc2+ 51.Kg1 Q6c5+ 52.Kh1 Qc1+ 53.Kg2 Q1g1+ 54.Kh3 Qf5+ 55.g4 Qxf3+ 56.Kh4 Qgxg4# {The number of pawns does not matter when two angry queens chase your king!} ) 50...Kh7 51.Qh5+ Kg7 52.Qg4+ Kh6 53.Qf4+ Kh5 54.g4+ Kg6 55.d8=Q Qcc2+ 56.Qdd2 1-0

[Event "Magnus Carlsen Invitational Prelims 202"]
[Site "Chess.com"]
[Date "2021.03.14"]
[Round "6"]
[White "So, Wesley"]
[Black "Aronian, Levon"]
[Result "1-0"]
[WhiteElo "2770"]
[BlackElo "2781"]
[EventDate "2021.??.??"]
[Annotator "Bojkov,Dejan"]
[PlyCount "65"]
[Beauty "8181107440730"]
[EventType "game"]

1.d4 Nf6 2.c4 e6 3.Nc3 Bb4 4.Qc2 O-O 5.Nf3 d5 6.Bg5 h6 7.Bh4 {So is ready for a sharp battle and sacrifices a pawn in the spirit of the Moscow variation.} ( {A recent online top-GM game in this line saw} 7.Bxf6 Qxf6 8.a3 Bxc3+ 9.Qxc3 dxc4 10.Qxc4 Nc6 11.Qc3 Re8 12.Rd1 e5 13.d5 Nb8 14.e3 Bg4 15.Be2 Nd7 16.e4 Qd6 {and Black gradually equalized in Xiong,J (2709) vs. Nakamura,H (2736) 2020} ) ( {Five years ago, in another blitz game between the two, So tried to gain the advantage in a more therapeutic way:} 7.Bxf6 Qxf6 8.a3 Bxc3+ 9.Qxc3 dxc4 10.Qxc4 Bd7 11.e3 {Then Aronian slowly brought his pieces into the game with} 11...Rc8 12.Qb4 Bc6 13.Be2 Bd5 14.Rc1 Nd7 15.O-O a5 16.Qa4 c6 17.Nd2 {and equalized with the concrete maneuver} 17...Qg5 18.Bf3 Bxf3 19.Nxf3 Qb5 20.Qxb5 cxb5 21.Rfd1 b4 {and the game eventually ended peacefully, So,W (2770)-Aronian,L (2792) Leuven 2016} ) 7...dxc4 8.e4 g5 9.Bg3 b5 10.e5 Nh5 {Aronian plays as aggressively as he can, and this is born out of necessity. He is now ready to swap the opponent's bishop in case of h2-h4 and then eventually block the kingside with g5-g4.} 11.Qe4 $146 {A novelty which transfers the major attacker on the kingside with tempo.} ( {White did well in an earlier game:} 11.Be2 Bb7 12.Rd1 Kg7 13.O-O Nxg3 14.fxg3 Bxc3 15.bxc3 Nd7 16.h4 g4 17.Nh2 f5 18.exf6+ Nxf6 19.Nxg4 Be4 20.Qd2 Nxg4 21.Rxf8 Qxf8 22.Bxg4 {Debashis,D (2522)-Koustav,C (2365) New Delhi 2018} ) 11...Qd5 12.Qg4 Ng7 13.Be2 {Seemingly, just a normal developing move.} ( {Notice that the generally desirable} 13.h4 {does not work here for concrete reasons:} 13...f5 $1 14.exf6 e5 {embarrasses the white queen.} ) 13...f5 $2 {Aronian might have confused the ideas. Here this move is in fact a losing mistake $1} ( {Stronger was to continue his development with} 13...Nc6 $1 {which puts pressure on White's center. Then the attacking attempt} 14.Qh3 {can be met with} ( 14.h4 $2 {once more fails to} 14...f5 15.exf6 e5 ) 14...Nf5 $1 {This is why Black needs the f5 square: the knight would be superb there.} ) ( {Notice that the other developing move} 13...Bb7 $6 {is bad due to} 14.h4 $1 {and the bishop on c8 no longer has influence on the c8-h3 diagonal.} ) 14.Qh3 $1 g4 ( {There is no way back anymore} 14...h5 15.Nxg5 ) 15.Qxh6 gxf3 16.Bxf3 Qxd4 17.O-O $1 {Aronian might have underestimated this powerful idea. So sacrifices a piece, but safeguards his king and bring the rooks into the action.} ( {The greedy} 17.Bxa8 Bxc3+ 18.bxc3 Qxc3+ 19.Ke2 {leads to a situation where only Black can play for a win with} 19...f4 ( {Or may force a draw if he wishes with} 19...Qd3+ 20.Ke1 Qc3+ ) 20.Bxf4 Qb2+ 21.Bd2 c3 ) 17...c6 18.Rad1 Qb6 {Black won a piece, but almost all of his army is stalled on the queenside. What happens next is a textbook example of how to allocate the attacking forces closer to the enemy king with maximum speed.} 19.Ne4 $3 {Beautiful and effective.} ( {Although, there was a dual} 19.Bh4 Nd7 20.Rxd7 $1 Bxd7 21.Bf6 Rf7 {And now again} 22.Ne4 $1 ( {Or the simple} 22.Rd1 $1 {with decisive threats.} ) ) 19...fxe4 20.Bxe4 Rf5 {The only move.} ( {Since} 20...Nd7 21.Bh7+ Kf7 22.Bg6+ Ke7 23.Bh4+ {is an instant mate.} ) 21.Bxf5 exf5 {The first wave of the attack has ended. However, White has more reserves.} ( {After} 21...Nxf5 {the neat check} 22.Qg5+ $1 {allows White a chance to bring his rook into the action} 22...Kf7 23.Rd8 Bf8 24.Qf6+ {and mate again.} ) 22.e6 $3 {Clearance $1 So frees the diagonal for his bishop.} 22...Bf8 ( {Nothing changes} 22...Bxe6 23.Be5 ) 23.Be5 c5 24.Bxg7 {One more defender is removed.} 24...Bxg7 25.e7 $1 {And that frees the passer.} 25...Bd7 ( {Any capture on h6 drops at least a piece} 25...Bxh6 26.e8=Q+ ) 26.Qh5 Qc6 27.Rfe1 $1 {Bringing on the last reserves.} 27...Be8 ( {Since} 27...Na6 {loses to the tactical blow} 28.Rxd7 Qxd7 29.e8=Q+ ) 28.Rd8 Na6 {Finally Aronian brought everyone into the defense, but So is ready to deliver the final blow.} 29.Re6 $1 {The defenders aren't stable enough.} 29...Qd7 ( {And White will promote a new queen after} 29...Qxe6 30.Qxe8+ Kh7 31.Qh5+ Bh6 32.e8=Q ) 30.Rxa8 {So finishes the game with another brilliant tactic.} ( {The alternative was} 30.Rxd7 Bxh5 31.Rd8+ Be8 32.Rxa6 $1 {winning.} ( {But not} 32.Rxa8 $4 Nc7 {losing...} ) ) 30...Nc7 31.Rd8 Nxe6 32.Rxe8+ Nf8 ( 32...Bf8 33.Qg6+ Ng7 34.exf8=Q# ) 33.Rxf8+ $1 {A sweet finish of a great attacking game $1} ( {Underpromotion is not common in the games of the top GMs but here that would have been the end after} 33.Rxf8+ Bxf8 34.Qh7+ Kxh7 {exf8=$146+} ) 1-0